| 000 | 00462nam a2200193Ia 4500 | ||
|---|---|---|---|
| 005 | 20240823013956.0 | ||
| 008 | 240823s9999||||xx |||||||||||||| ||und|| | ||
| 020 | _a0-07-048668-9 | ||
| 041 | _aENGLISH | ||
| 082 | _A658.848 P4 | ||
| 100 | _a"Hill,Charles W L" | ||
| 245 | 0 | _aInternational Business | |
| 250 | _a4th | ||
| 260 |
_c2004 _b"TMH,New " _aNew Delhi |
||
| 500 | _aYES | ||
| 650 |
_aBusiness _bManagement Studies |
||
| 942 | _cBK | ||
| 999 |
_c168763 _d168763 |
||